000 00628cam a22002053a 4500
001 38452
003 PGUSA
005 20140828083840.0
008 120101s2012||||xxu|||||s|||||000 | eng d
040 _aPGUSA
_beng
042 _adc
100 1 _aRosebery, Archibald Phillip Primrose
245 1 0 _aLord Chatham :
_bHis Early Life and Connections
_h[electronic resource] /
_cArchibald Phillip Primrose Rosebery
260 _bProject Gutenberg,
_c2012
506 _aPublic domain in the USA.
516 _aElectronic text
830 0 _aProject Gutenberg
_v38452
856 4 0 _uhttp://www.gutenberg.org/ebooks/38452
942 _cEB
999 _c267706
_d267706